MARC

LEADER 00000nam0a2200000 4500
001 374431
005 20231102012641.0
035 |a (RuTPU)RU\TPU\retro\31865 
035 |a RU\TPU\book\305524 
090 |a 374431 
100 |a 20221219d1958 m y0rusy50 ca 
101 0 |a rus 
102 |a RU 
105 |a a j 001zy 
200 1 |a Физика атмосферы  |e учебное пособие  |f А. Х. Хргиан 
205 |a 2-е изд., перераб. 
210 |a Москва  |c Государственное изд-во физико-математической литературы  |d 1958 
215 |a 476 с.  |c ил. 
320 |a Библиогр.: с. 472. 
320 |a Предм. указ.: с. 473-476. 
606 1 |a Атмосфера  |x Физика  |2 stltpush  |3 (RuTPU)RU\TPU\subj\29647  |9 52931 
610 1 |a учебные пособия 
610 1 |a газы 
610 1 |a разделение 
610 1 |a кислород 
610 1 |a гелий 
610 1 |a инертные газы 
610 1 |a углекислый газ 
610 1 |a озон 
610 1 |a атмосферная пыль 
610 1 |a водяной пар 
610 1 |a адиабатические процессы 
610 1 |a радиационные процессы 
610 1 |a климат 
610 1 |a солнечные лучи 
610 1 |a Солнце 
610 1 |a радиация 
610 1 |a теплообмен 
610 1 |a почва 
610 1 |a воды 
610 1 |a тепловой баланс 
610 1 |a инверсии 
610 1 |a испарение 
610 1 |a конденсация 
610 1 |a облака 
610 1 |a туманы 
610 1 |a осадки 
610 1 |a дождь 
610 1 |a снег 
610 1 |a град 
610 1 |a ветер 
610 1 |a фронты 
610 1 |a циклоны 
675 |a 551.510(075.8)  |v 3 
700 1 |a Хргиан  |b А. Х.  |g Александр Христофорович 
801 1 |a RU  |b 63413507  |c 20150124 
801 2 |a RU  |b 63413507  |c 20221219  |g RCR 
942 |c BK